[Event "Tourn. n10115"]
[Site "www.echecsemail.com"]
[Date "2019.06.22"]
[Round "1"]
[White "Fabos12"]
[Black "Ranjachess"]
[WhiteElo "1890"]
[BlackElo "1910"]
[Result "1-0"]
[Round "1"]
1.d4 d5
2.Ng1f3 Bc8f5
3.c3 Ng8f6
4.Bc1f4 e6
5.h3 h6
6.Nb1d2 g5
7.Bf4e5 Nb8c6
8.Be5h2 Bf8d6
9.Nf3e5 Bd6xe5
10.dxe5 Nf6d7
11.Nd2f3 Qd8e7
12.g4 Bf5e4
13.Rh1g1 Be4xf3
14.exf3 Nd7xe5
15.Bf1b5 O-O-O
16.Qd1e2 f6
17.O-O-O a6
18.Bb5a4 Ne5c4
19.Ba4xc6 bxc6
20.b3 Qe7a3
21.Kb1 Nc4e5
22.Rd1d4 Qa3a5
23.Bh2xe5 fxe5
24.Rd4a4 Qa5xc3
25.Rg1c1 Qc3xc1
26.Kxc1 e4
27.fxe4 dxe4
28.Qe2xe4 Rd8d6
29.Ra4d4 Kd7
30.Rd4xd6 cxd6
31.Qe4d4 Rh8h7
32.Qd4a7 Ke8
33.Qa7xh7 c5
34.Kd2 d5
35.Ke3 e5
36.Qh7g6 Ke7
37.a4 a5
38.Qg6xh6 c4
39.bxc4 dxc4
40.Ke4 c3
41.Kxe5 Kd7
42.Qh6d6 Kc8
43.Qd6c6 Kd8
44.Kd6 c2
45.Qc6d7 
1-0

[Event "Tourn. n10136"]
[Site "www.echecsemail.com"]
[Date "2019.06.22"]
[Round "1"]
[White "Amaya"]
[Black "Ditto"]
[WhiteElo "2040"]
[BlackElo "1890"]
[Result "1-0"]
[Round "1"]
1.d4 d5
2.e3 Nb8c6
3.Bf1d3 Ng8f6
4.f4 Bc8g4
5.Ng1f3 e6
6.Nb1d2 Bf8b4
7.c3 Bb4d6
8.O-O Qd8e7
9.Qd1e1 O-O-O
10.Nf3e5 Bg4h5
11.Ne5xc6 bxc6
12.Bd3a6 Kd7
13.c4 dxc4
14.Nd2xc4 Nf6e4
15.Nc4e5 Bd6xe5
16.dxe5 Bh5g6
17.Ba6b7 Ne4c5
18.Qe1d1 Ke8
19.Bb7xc6 Kf8
20.Qd1e2  { time }
1-0

[Event "Tourn. n10138"]
[Site "www.echecsemail.com"]
[Date "2019.06.22"]
[Round "1"]
[White "Yudoka"]
[Black "Conde7"]
[WhiteElo "2410"]
[BlackElo "2820"]
[Result "0-1"]
[Round "1"]
1.d4 Ng8f6
2.c4 e6
3.Ng1f3 Bf8b4
4.Bc1d2 Bb4e7
5.Qd1c2 d5
6.g3 O-O
7.Bf1g2 c6
8.O-O b6
9.b3 h6
10.Bd2c3 Bc8b7
11.Nb1d2 Nb8d7
12.e4 dxe4
13.Nd2xe4 c5
14.Nf3e5 Nf6xe4
15.Bg2xe4 Nd7xe5
16.dxe5 Bb7xe4
17.Qc2xe4 Qd8c7
18.Ra1d1 Ra8d8
19.Kg2 Rd8d7
 { time }
0-1

[Event "Tourn. n10158"]
[Site "www.echecsemail.com"]
[Date "2019.06.22"]
[Round "1"]
[White "Fantomas"]
[Black "Sorim"]
[WhiteElo "2210"]
[BlackElo "2230"]
[Result "0-1"]
[Round "1"]
1.e4 e5
2.Ng1f3 Nb8c6
3.Bf1b5 a6
4.Bb5a4 Ng8f6
5.d3 d6
6.Nb1c3 Bf8e7
7.Nc3d5 O-O
8.Nd5xe7 Nc6xe7
9.h3 Nf6d7
10.c3 f5
11.Ba4c2 fxe4
12.dxe4 Ne7g6
13.Bc1e3 Ng6f4
14.Rh1g1 Nd7b6
15.Bc2b3 Bc8e6
16.Qd1c2 c5
17.Bb3xe6 Nf4xe6
18.O-O-O Qd8c7
19.Nf3g5 Ne6xg5
20.Be3xg5 Nb6c4
21.Rd1d3 a5
22.b3 Nc4a3
23.Qc2d2 a4
24.Qd2b2 axb3
25.axb3 Na3b5
26.Rd3g3 Ra8a6
27.Kd1 Rf8a8
28.Qb2e2 Ra6a1
29.Bg5c1 Qc7f7
30.c4 Nb5d4
31.Qe2g4 Ra1xc1
{ resign }
0-1

[Event "Tourn. n10136"]
[Site "www.echecsemail.com"]
[Date "2019.06.22"]
[Round "1"]
[White "Fabos12"]
[Black "Ditto"]
[WhiteElo "1860"]
[BlackElo "1890"]
[Result "0-1"]
[Round "1"]
1.d4 d5
2.Ng1f3 Nb8c6
3.Bc1f4 Bc8f5
4.a3 e6
5.h3 Bf8d6
6.Bf4g3 Bd6xg3
7.fxg3 Qd8f6
8.b4 Bf5e4
9.e3 Ng8e7
10.Bf1d3 Ne7f5
11.Kf2 Qf6g6
12.g4 Nf5d6
13.b5 { time. }
0-1

[Event "Tourn. n10151"]
[Site "www.echecsemail.com"]
[Date "2019.06.22"]
[Round "1"]
[White "Fabos12"]
[Black "Iko"]
[WhiteElo "1850"]
[BlackElo "1830"]
[Result "0-1"]
[Round "1"]
1.d4 d5
2.Ng1f3 Nb8c6
3.Bc1f4 Bc8g4
4.Nb1d2 Bg4xf3
5.Nd2xf3 Qd8d7
6.g3 e6
7.Bf1g2 Bf8d6
8.Bf4xd6 { time. }
0-1

[Event "Match"]
[Site "www.echecsemail.com"]
[Date "2019.06.22"]
[Round "1"]
[White "Ketchuplover"]
[Black "Micheles"]
[WhiteElo "2010"]
[BlackElo "2560"]
[Result "0-1"]
[Round "1"]
1.e4 c6
2.d4 d5
3.f3 e6
4.e5 c5
5.Bf1b5 Bc8d7
6.Bb5xd7 Nb8xd7
7.c3 Ng8e7
8.Ng1e2 Qd8b6
9.Qd1b3 Ne7c6
10.Qb3xb6 Nd7xb6
11.O-O Bf8e7
12.b3 Nb6d7
13.Bc1e3 Ra8c8
14.Nb1d2 cxd4
15.cxd4 Nc6b4
16.Rf1c1 O-O
17.Rc1c3 Rc8xc3
18.Ne2xc3 Nb4c2
{ resign }
0-1

[Event "Tourn. n10151"]
[Site "www.echecsemail.com"]
[Date "2019.06.22"]
[Round "1"]
[White "Estonia"]
[Black "Fabos12"]
[WhiteElo "1970"]
[BlackElo "1850"]
[Result "1-0"]
[Round "1"]
1.e4 e6
2.d4 Nb8c6
3.Ng1f3 b6
4.c4 Bc8b7
5.Nb1c3 Ra8c8
6.Bf1e2 Ng8e7
7.d5 exd5
8.exd5 Nc6b8
9.b3 c6
10.Bc1b2 cxd5
11.Nc3xd5 Ne7xd5
{ time. }
1-0

[Event "Match"]
[Site "www.echecsemail.com"]
[Date "2019.06.22"]
[Round "1"]
[White "Yudoka"]
[Black "Gvladutz"]
[WhiteElo "2420"]
[BlackElo "2460"]
[Result "0-1"]
[Round "1"]
1.d4 Ng8f6
2.c4 g6
3.Ng1f3 Bf8g7
4.g3 O-O
5.Bf1g2 c6
6.Nb1c3 d5
7.O-O dxc4
8.e4 b5
9.e5 Nf6d5
10.a4 b4
11.Nc3e4 f5
12.exf6 exf6
13.Rf1e1 Rf8e8
14.Bg2f1 Bc8f5
15.Ne4c5 c3
16.Re1xe8 Qd8xe8
17.Nf3h4 Bf5c8
18.Bf1c4 Nb8d7
19.bxc3 Nd7xc5
20.Bc4xd5 cxd5
21.dxc5 f5
 { time }
0-1

[Event "Tourn. n10096"]
[Site "www.echecsemail.com"]
[Date "2019.06.22"]
[Round "1"]
[White "Karadayi"]
[Black "Osopanda"]
[WhiteElo "1330"]
[BlackElo "1460"]
[Result "0-1"]
[Round "1"]
1.c4 c5
2.e4 d6
3.d3 Nb8c6
4.Ng1f3 e6
5.Nb1c3 Ng8f6
6.Bc1g5 Bf8e7
7.Bf1e2 O-O
8.Bg5xf6 Be7xf6
9.O-O Nc6d4
10.Nf3xd4 cxd4
11.Nc3b5 a6
12.Nb5a3 d5
13.cxd5 exd5
14.Qd1b3 b5
 { time }
0-1

[Event "1/128 Finale"]
[Site "www.chess-mail.com"]
[Date "2019.06.22"]
[Round "1"]
[White "Wegaman"]
[Black "Fabos12"]
[WhiteElo "1910"]
[BlackElo "1870"]
[Result "0-1"]
[Round "1"]
1.d4 d5
2.c4 Ng8f6
3.Nb1c3 Bc8f5
4.Bc1f4 a6
5.Ng1f3 c6
6.e3 h6
7.Bf1e2 Nb8d7
8.O-O g5
9.Bf4g3 e6
10.Nf3e5 Bf8g7
11.Rf1e1 Nf6e4
12.Nc3xe4 Bf5xe4
 { time }
0-1

[Event "Match"]
[Site "www.echecsemail.com"]
[Date "2019.06.23"]
[Round "1"]
[White "Gimmyg"]
[Black "Ketchuplover"]
[WhiteElo "2580"]
[BlackElo "2010"]
[Result "1-0"]
[Round "1"]
1.Nb1c3 d5
2.e4 d4
3.Nc3e2 e5
4.Ne2g3 Ng8f6
5.Ng1f3 Bf8d6
6.Bf1c4 O-O
7.d3 Bc8g4
8.O-O Nb8d7
9.h3 Bg4xf3
10.Qd1xf3 Nd7b6
11.Bc4b3 a5
12.a3 a4
13.Bb3a2 c5
14.Bc1g5 h6
15.Bg5xf6 Qd8xf6
16.Qf3xf6 gxf6
17.Ng3f5 Ra8d8
18.Nf5xh6 Kg7
19.Nh6f5 Kg6
20.g4 Kg5
21.h4 Kf4
22.f3 Rf8h8
23.Kf2 Bd6f8
24.Rf1g1 { resign }
1-0

[Event "Tourn. n10124"]
[Site "www.echecsemail.com"]
[Date "2019.06.23"]
[Round "1"]
[White "Coolant"]
[Black "Yudoka"]
[WhiteElo "2350"]
[BlackElo "2420"]
[Result "1-0"]
[Round "1"]
1.Nb1c3 d5
2.d4 c6
3.e4 dxe4
4.Nc3xe4 Bc8f5
5.Ne4g3 Bf5g6
6.h4 h6
7.h5 Bg6h7
8.Ng1f3 Nb8d7
9.Bf1d3 Bh7xd3
10.Qd1xd3 Qd8c7
11.Rh1h4 e6
12.Bc1f4 Bf8d6
13.Bf4xd6 Qc7xd6
14.O-O-O Ng8f6
15.c4 O-O
16.Ng3e4 Nf6xe4
17.Qd3xe4 Nd7f6
18.Qe4e5 Rf8d8
19.g4 Qd6b4
20.Qe5e2 b5
21.c5 Qb4a4
22.Kb1 Rd8d5
23.b3 Qa4a5
24.Nf3e5 Qa5c7
25.f4 Nf6d7
26.Rh4h3 Ra8d8
27.Rh3d3 a5
28.Qe2e3 Nd7xe5
29.fxe5 Qc7e7
30.Kc2 Qe7h4
31.Qe3f3 a4
32.b4  { time }
1-0

[Event "Tourn. n10141"]
[Site "www.echecsemail.com"]
[Date "2019.06.23"]
[Round "1"]
[White "Esperanza"]
[Black "Kevinking"]
[WhiteElo "2060"]
[BlackElo "1910"]
[Result "0-1"]
[Round "1"]
1.e4 e5
2.Ng1f3 d6
3.Bf1c4 Bf8e7
4.O-O Ng8f6
5.d3 h6
6.c3 Nb8c6
7.Bc4b3 O-O
8.Nb1d2 Bc8d7
9.Rf1e1 Qd8c8
10.Nd2f1 Rf8e8
11.Nf1g3 a5
12.h3 Bd7e6
13.d4 exd4
14.cxd4 Nc6b4
 { time }
0-1

[Event "Match"]
[Site "www.echecsemail.com"]
[Date "2019.06.23"]
[Round "1"]
[White "Szustan"]
[Black "Ketchuplover"]
[WhiteElo "2600"]
[BlackElo "2010"]
[Result "1-0"]
[Round "1"]
1.e4 d6
2.d4 g6
3.Nb1c3 Bf8g7
4.Bc1e3 Ng8f6
5.Qd1d2 O-O
6.O-O-O Nb8d7
7.f3 b6
8.e5 Nf6e8
9.h4 Kh8
10.h5 dxe5
11.hxg6 fxg6
12.Qd2d3 Rf8f6
13.dxe5 Rf6e6
14.Ng1h3 h6
15.Be3xh6 Bg7xh6
16.Nh3g5 { resign }
1-0

[Event "Tourn. n10128"]
[Site "www.echecsemail.com"]
[Date "2019.06.23"]
[Round "1"]
[White "Yudoka"]
[Black "Szustan"]
[WhiteElo "2380"]
[BlackElo "2610"]
[Result "0-1"]
[Round "1"]
1.d4 d5
2.c4 dxc4
3.Ng1f3 Ng8f6
4.e3 e6
5.Bf1xc4 c5
6.O-O a6
7.Qd1e2 b5
8.Bc4b3 Bc8b7
9.Rf1d1 Nb8d7
10.Nb1c3 Qd8b8
11.e4 cxd4
12.Nf3xd4 Bf8d6
13.g3 O-O
14.f3 Bd6c5
15.Kg2 Rf8d8
16.Bc1e3 h6
17.Rd1d2 Nd7e5
 { time }
0-1

[Event "Tourn. n10128"]
[Site "www.echecsemail.com"]
[Date "2019.06.23"]
[Round "1"]
[White "Conde7"]
[Black "Yudoka"]
[WhiteElo "2800"]
[BlackElo "2380"]
[Result "1-0"]
[Round "1"]
1.a3 d5
2.d4 Ng8f6
3.Ng1f3 Bc8f5
4.c4 e6
5.Qd1b3 b6
6.Nb1c3 c6
7.Bc1f4 Bf8d6
8.Bf4xd6 Qd8xd6
9.Nf3h4 Bf5g6
10.g3 Nb8d7
11.Bf1g2 O-O
12.Nh4xg6 hxg6
13.O-O Ra8c8
14.e3 Rf8d8
15.Rf1d1 Qd6e7
16.cxd5 exd5
17.a4 a5
18.h4 Rd8e8
19.Ra1c1 Qe7d6
20.Rd1d2 Nf6e4
21.Nc3xe4 dxe4
22.Bg2h3 Rc8b8
23.Qb3c2 Rb8c8
24.Qc2b3 Rc8b8
25.Rd2d1  { time }
1-0

[Event "Tourn. n10119"]
[Site "www.echecsemail.com"]
[Date "2019.06.23"]
[Round "1"]
[White "Scasan55"]
[Black "Iko"]
[WhiteElo "1960"]
[BlackElo "1820"]
[Result "1-0"]
[Round "1"]
1.e4 e5
2.Bf1c4 Ng8f6
3.Qd1e2 Nb8c6
4.a3 Nc6d4
5.Qe2d3 d5
6.exd5 e4
7.Bc4b5 Nd4c6
8.Bb5xc6 Bc8d7
9.Bc6xd7 Qd8xd7
10.Qd3e3 Qd7xd5
11.Nb1c3 Qd5f5
12.d3 Nf6g4
13.Qe3xe4 Qf5xe4
14.Nc3xe4 O-O-O
15.h3 Ng4e5
16.Ng1e2 Bf8e7
17.O-O Rd8d5
18.b4 Rh8d8
19.Bc1b2 f5
20.Ne4d2 Rd8d6
21.Rf1e1 Be7f6
22.Ne2f4 Rd5b5
23.Nf4h5 g6
24.Nh5xf6 Rd6xf6
25.f4 Ne5c6
26.Bb2xf6 Rb5d5
27.Re1e8 Kd7
28.Ra1e1 Nc6d4
29.Re8e7 Kc6
30.Bf6xd4 Rd5xd4
31.g3 b5
32.Nd2b3 a6
33.Nb3a5 Kb6
34.Re1e6 Rd4d6
35.Re6xd6 cxd6
36.Re7b7 
1-0

[Event "Tourn. n10124"]
[Site "www.echecsemail.com"]
[Date "2019.06.23"]
[Round "1"]
[White "Yudoka"]
[Black "Tartan"]
[WhiteElo "2420"]
[BlackElo "2460"]
[Result "0-1"]
[Round "1"]
1.d4 Ng8f6
2.Ng1f3 g6
3.Bc1g5 Bf8g7
4.Nb1d2 c5
5.e3 d5
6.c3 Qd8b6
7.Qd1b3 Nb8c6
8.Qb3a3 cxd4
9.exd4 O-O
10.Bf1d3 h6
11.Bg5h4 Nf6h5
12.Bh4g3 Nh5xg3
 { time }
0-1

[Event "Tourn. n10134"]
[Site "www.echecsemail.com"]
[Date "2019.06.23"]
[Round "1"]
[White "Szustan"]
[Black "Yudoka"]
[WhiteElo "2590"]
[BlackElo "2360"]
[Result "1-0"]
[Round "1"]
1.e4 e6
2.d4 d5
3.Nb1c3 Ng8f6
4.e5 Nf6d7
5.f4 c5
6.Ng1f3 Nb8c6
7.Bc1e3 a6
8.Qd1d2 b5
9.dxc5 Bf8xc5
10.Be3xc5 Nd7xc5
11.Qd2f2 Qd8e7
12.Bf1d3 Bc8b7
13.O-O Ra8c8
14.a3  { time }
1-0

[Event "Tourn. n10136"]
[Site "www.echecsemail.com"]
[Date "2019.06.24"]
[Round "1"]
[White "Jerome"]
[Black "Fabos12"]
[WhiteElo "1869"]
[BlackElo "1860"]
[Result "1-0"]
[Round "1"]
1.e4 e5
2.Ng1f3 Nb8c6
3.Bf1b5 Bf8c5
4.c3 a6
5.Bb5a4 Qd8e7
6.O-O b5
7.Ba4b3 Bc8b7
8.d4 exd4
9.cxd4 Bc5a7
10.Nb1c3 Nc6a5
11.Bb3c2 O-O-O
12.b4 Na5c4
13.a4 Ng8f6
14.axb5 axb5
{ time. }
1-0

[Event "Match"]
[Site "www.echecsemail.com"]
[Date "2019.06.24"]
[Round "1"]
[White "Yudoka"]
[Black "Liencam2"]
[WhiteElo "2370"]
[BlackElo "2270"]
[Result "0-1"]
[Round "1"]
1.d4 Ng8f6
2.Ng1f3 c5
3.e3 g6
4.Bf1d3 Bf8g7
5.O-O O-O
6.Qd1e2 d6
7.c4 Bc8g4
8.d5 Nb8a6
9.Nb1c3 Rf8e8
10.e4 e5
11.a3 Na6c7
12.h3 Bg4d7
13.b4 b6
14.Ra1b1 Ra8b8
15.Nc3b5 Nc7xb5
16.cxb5 Rb8c8
17.bxc5 Rc8xc5
18.Nf3d2 Nf6h5
19.Nd2b3 Rc5c7
20.a4 Qd8c8
 { time }
0-1

[Event "Tourn. n10124"]
[Site "www.echecsemail.com"]
[Date "2019.06.24"]
[Round "1"]
[White "Comrade"]
[Black "Yudoka"]
[WhiteElo "2290"]
[BlackElo "2420"]
[Result "1-0"]
[Round "1"]
1.c4 c6
2.Nb1c3 d5
3.d4 Ng8f6
4.e3 a6
5.a4 Bc8f5
6.Ng1f3 e6
7.Bf1d3 Bf5xd3
8.Qd1xd3 Nb8d7
9.b3 Bf8e7
10.O-O O-O
11.Bc1d2 Be7b4
12.Nc3a2 Bb4xd2
13.Nf3xd2 Qd8e7
14.Rf1e1 Rf8d8
15.Na2c3 e5
16.f3 dxc4
17.bxc4 exd4
18.exd4 Qe7d6
19.Nd2e4 Nf6xe4
20.Nc3xe4  { time }
1-0

[Event "Tourn. n10158"]
[Site "www.echecsemail.com"]
[Date "2019.06.24"]
[Round "1"]
[White "Bojan"]
[Black "Fantomas"]
[WhiteElo "2010"]
[BlackElo "2210"]
[Result "1-0"]
[Round "1"]
1.e4 e5
2.Ng1f3 Nb8c6
3.a3 Ng8f6
4.Nb1c3 a6
5.d4 Bf8d6
6.dxe5 Nc6xe5
7.Bc1g5 h6
8.Bg5h4 g5
9.Bh4g3 Ne5xf3
10.Qd1xf3 Bd6xg3
11.hxg3 d6
12.O-O-O Bc8g4
13.Qf3d3 Bg4xd1
14.Qd3xd1 Qd8e7
15.Bf1d3 O-O-O
16.Qd1e2 c6
17.Rh1e1 Rh8e8
18.f4 Qe7c7
19.Qe2d2 Qc7a5
20.fxg5 hxg5
21.Re1f1 Nf6g4
22.Rf1f5 Re8e5
23.Rf5xf7 Rd8h8
24.Qd2e2 Ng4h6
25.Rf7f6 Qa5d8
26.Rf6f3 g4
27.Rf3f4 Qd8g5
28.Kb1 Qg5g8
29.Qe2f2 Re5h5
30.b3 Rh5e5
31.Nc3a4 c5
32.Na4b6 Kc7
33.Nb6c4 Re5e7
34.b4 b6
35.a4 Qg8b8
36.c3 Qb8e8
37.Bd3c2 Re7f7
38.Kb2 Rh8f8
39.Qf2d2 Rf7f6
40.Ka3 cxb4
41.cxb4 Qe8c6
42.Kb3 Kb8
43.Qd2e3 b5
44.Nc4a5 bxa4
45.Ka3 Qc6c7
46.Bc2xa4 Rf6xf4
47.gxf4 Rf8f7
48.Ba4c6 Qc7a7
49.Qe3d2 Qa7c7
50.g3 Nh6g8
51.Qd2d3 Ka7
52.Bc6d5 Qc7c1
53.Ka2 Rf7c7
54.Qd3d4 Kb8
55.Qd4b6 Kc8
56.Qb6xa6 Kd7
57.Qa6b5 Ke7
58.Na5c6 Kf6
59.Qb5b6 Qc1c2
60.Ka3 Rc7c8
61.e5 Kg6
62.Qb6b7 Qc2c3
63.Ka4 Qc3a1
64.Kb5 Rc8a8
65.Nc6a5 Ra8f8
66.Qb7c6 Rf8b8
67.Ka6 Rb8f8
68.exd6 Ng8f6
69.Qc6c2 Kg7
70.Qc2c7 Kg6
71.Bd5c6 Qa1d4
72.d7 Qd4d3
73.b5 Nf6g8
74.Qc7e5 Ng8f6
75.Na5b7 Rf8a8
76.Kb6 Nf6xd7
77.Bc6xd7 Qd3xd7
78.Qe5g5 Kf7
79.Qg5h5 Kg8
80.Qh5g6 Qd7g7
81.Qg6xg7 Kxg7
82.Nb7a5 Ra8d8
83.Kc6 Rd8d3
84.b6 Rd3c3
85.Kd7 Rc3d3
86.Kc7 Rd3c3
87.Kd6 Rc3d3
88.Ke5 Rd3xg3
89.b7 Rg3e3
90.Kf5 Re3e8
91.Kxg4 Re8b8
92.Kg5 Kf7
93.Kf5 Kg7
94.Ke6 Kf8
95.Kd7 Kf7
96.Kc7 Rb8g8
97.Na5c6 Ke6
98.Nc6d4 Kd5
99.f5 Rg8g7
100.Kb6 Rg7g8
101.Ka7 Kxd4
102.f6 { resign }
1-0

[Event "Tourn. n10143"]
[Site "www.echecsemail.com"]
[Date "2019.06.24"]
[Round "1"]
[White "Esperanza"]
[Black "Apdash"]
[WhiteElo "2060"]
[BlackElo "2060"]
[Result "0-1"]
[Round "1"]
1.e4 e5
2.Ng1f3 Nb8c6
3.Bf1c4 Bf8c5
4.O-O Ng8f6
5.c3 Nf6xe4
6.Qd1e2 d5
7.Bc4b3 O-O
8.d3 Ne4xf2
9.Rf1xf2 Bc5xf2
10.Qe2xf2 e4
11.dxe4 dxe4
12.Nf3g5 Qd8e7
13.Bc1e3 b6
14.Nb1d2 Nc6a5
15.Bb3c2 f5
16.Ng5h3 Bc8b7
17.Ra1f1 Bb7a6
18.Rf1e1 Kh8
19.Be3g5 { time. }
0-1

[Event "Tourn. n10117"]
[Site "www.echecsemail.com"]
[Date "2019.06.24"]
[Round "1"]
[White "Ff333"]
[Black "Bojan"]
[WhiteElo "2050"]
[BlackElo "2030"]
[Result "1-0"]
[Round "1"]
1.e4 Nb8c6
2.d4 d5
3.e5 a6
4.g3 Bc8e6
5.Bf1g2 f6
6.f4 Qd8d7
7.Ng1f3 Ng8h6
8.h3 Nc6a7
9.O-O Qd7b5
10.Nb1c3 Qb5d7
11.Bc1e3 c6
12.Kh2 Nh6f7
13.Nc3a4 Qd7c7
14.Na4c5 Be6c8
15.e6 Nf7d6
16.b3 b6
17.Nc5d7 Bc8xd7
18.exd7 Qc7xd7
19.Nf3h4 g6
20.c3 Bf8g7
21.Qd1d3 e6
22.a4 Na7c8
23.Nh4xg6 hxg6
24.Qd3xg6 Qd7f7
25.Qg6d3 Nd6f5
26.Be3d2 Nc8d6
27.Ra1e1 b5
28.a5 Kd7
29.Re1e2 Nd6b7
30.b4 Nb7d6
31.Rf1e1 Ra8e8
32.g4 Nf5h4
33.Bg2h1 Nd6c4
34.Bd2c1 e5
35.dxe5 fxe5
36.f5 e4
37.Re2xe4 Re8xe4
38.Re1xe4 Kc8
39.Re4e6 Bg7e5
40.Kg1 Kc7
41.Bc1g5 Be5d6
42.Bg5f6 Rh8g8
43.Bf6xh4 Bd6e5
44.Re6e7 { resign }
1-0

[Event "Tourn. n10130"]
[Site "www.echecsemail.com"]
[Date "2019.06.24"]
[Round "1"]
[White "Hansen"]
[Black "Cal"]
[WhiteElo "1730"]
[BlackElo "1640"]
[Result "0-1"]
[Round "1"]
1.e4 e5
2.a3 a6
3.Nb1c3 Ng8f6
4.Ng1f3 d6
5.d4 c6
6.dxe5 dxe5
7.Nf3xe5 Bc8e6
8.Qd1xd8 Kxd8
9.Bc1g5 Bf8e7
10.f4 h6
11.Bg5h4 Ke8
12.Ra1d1 Nb8d7
13.Ne5f3 b5
14.f5 Be6c4
15.Bh4xf6 Be7xf6
16.Nc3b1 Bc4xf1
17.Rh1xf1 Ra8d8
18.Rd1d6 Bf6e7
19.Rd6xc6 f6
20.Nb1c3 Kf7
21.g4 Rh8e8
22.Rf1g1 Be7c5
23.Rg1g2 g6
24.Nc3d5 Re8xe4
25.Kd1 g5
26.Kd2 Re4c4
27.Kd3 Nd7e5
28.Nf3xe5 fxe5
29.b3 Rd8xd5
30.Ke2 Rc4xc2
{ resign }
0-1

[Event "Tourn. n10114"]
[Site "www.echecsemail.com"]
[Date "2019.06.24"]
[Round "1"]
[White "Yudoka"]
[Black "Greghghs"]
[WhiteElo "2380"]
[BlackElo "2460"]
[Result "0-1"]
[Round "1"]
1.d4 f5
2.Ng1f3 e6
3.g3 Ng8f6
4.Bf1g2 Bf8e7
5.O-O O-O
6.c4 d6
7.Nb1c3 Nf6e4
8.Qd1c2 Ne4xc3
9.Qc2xc3 Be7f6
10.Qc3c2 e5
11.dxe5 dxe5
12.e4 Qd8e8
13.c5 fxe4
14.Qc2xe4 c6
15.Rf1e1 Nb8d7
16.Bc1e3 Qe8e7
17.b4 Rf8f7
18.Nf3d2 Nd7f8
19.Nd2c4 Nf8g6
20.Nc4d6 Rf7f8
21.h4 Bc8e6
22.h5 Ng6h8
 { time }
0-1

[Event "Match"]
[Site "www.echecsemail.com"]
[Date "2019.06.24"]
[Round "1"]
[White "Yudoka"]
[Black "Cvilhena1976"]
[WhiteElo "2410"]
[BlackElo "2410"]
[Result "0-1"]
[Round "1"]
1.d4 d5
2.c4 e6
3.Nb1c3 Ng8f6
4.Bc1g5 c6
5.e3 Nb8d7
6.Ng1f3 Bf8d6
7.Ra1c1 O-O
8.Bf1d3 dxc4
9.Bd3xc4 h6
10.Bg5h4 b5
11.Bc4d3 Bc8a6
12.O-O Qd8b6
13.Qd1e2 Ba6b7
14.e4 b4
15.Nc3a4 Qb6a5
16.e5 Qa5xa4
17.exf6 Nd7xf6
18.Bh4xf6 gxf6
19.Qe2e4 f5
 { time }
0-1

[Event "Match"]
[Site "www.echecsemail.com"]
[Date "2019.06.24"]
[Round "1"]
[White "Stepanpech"]
[Black "Yudoka"]
[WhiteElo "2590"]
[BlackElo "2420"]
[Result "1-0"]
[Round "1"]
1.e4 c6
2.d4 d5
3.Nb1c3 dxe4
4.Nc3xe4 Bc8f5
5.Ne4g3 Bf5g6
6.h4 h6
7.Ng1f3 Nb8d7
8.h5 Bg6h7
9.Bf1d3 Bh7xd3
10.Qd1xd3 Qd8c7
11.Bc1d2 e6
12.O-O-O Ng8f6
13.Ng3e4  { time }
1-0

[Event "Tourn. n10156"]
[Site "www.echecsemail.com"]
[Date "2019.06.24"]
[Round "1"]
[White "D4minance"]
[Black "Foxy100"]
[WhiteElo "2810"]
[BlackElo "2490"]
[Result "1-0"]
[Round "1"]
1.d4 d5
2.c4 e6
3.Ng1f3 Ng8f6
4.g3 Bf8e7
5.Bf1g2 O-O
6.O-O dxc4
7.Qd1a4 a6
8.Qa4xc4 Bc8d7
9.Nb1c3 Bd7c6
10.Bc1g5 h6
11.Bg5xf6 Be7xf6
12.Rf1d1 Nb8d7
13.e4 Rf8e8
14.Ra1c1 Bf6e7
15.Qc4b3 Qd8c8
16.Qb3c2 Nd7f6
17.Nf3e5 Bc6d7
18.Ne5xf7 Kxf7
19.e5 Nf6g8
20.Qc2h7 Be7g5
21.f4 Bg5f6
22.Nc3e4 { resign }
1-0

[Event "Tourn. n10149"]
[Site "www.echecsemail.com"]
[Date "2019.06.24"]
[Round "1"]
[White "Bojan"]
[Black "Tonino1"]
[WhiteElo "2050"]
[BlackElo "2040"]
[Result "0-1"]
[Round "1"]
1.d4 d6
2.e4 Ng8f6
3.Nb1c3 c6
4.h3 Qd8a5
5.Bc1d2 Qa5c7
6.Ng1f3 e5
7.d5 g6
8.Nf3h2 Bf8g7
9.Bf1e2 O-O
10.O-O Nf6e8
11.f4 f5
12.fxe5 dxe5
13.dxc6 bxc6
14.exf5 gxf5
15.Be2c4 Kh8
16.Bd2e3 Ne8f6
17.Qd1e2 a5
18.Nc3a4 Nf6d5
19.Be3c5 Rf8e8
20.c3 Bc8d7
21.Na4b6 Nd5xb6
22.Bc4f7 Re8c8
23.Ra1d1 Bg7f8
24.Bc5f2 Bf8g7
25.Qe2h5 Rc8f8
26.Bf7g6 h6
27.Bf2c5 Rf8f6
28.Bg6xf5 Nb8a6
29.Bc5xb6 Qc7xb6
30.Kh1 Bd7xf5
31.Rf1xf5 Rf6xf5
32.Qh5xf5 Ra8f8
33.Qf5h5 Qb6xb2
34.Nh2g4 Qb2e2
35.Rd1g1 Na6c5
36.Ng4xh6 Qe2xh5
{ resign }
0-1

[Event "Tourn. n10135"]
[Site "www.echecsemail.com"]
[Date "2019.06.24"]
[Round "1"]
[White "Bgm9"]
[Black "Jackbauer"]
[WhiteElo "1749"]
[BlackElo "1920"]
[Result "1-0"]
[Round "1"]
1.d4 d5
2.c4 e5
3.dxe5 d4
4.Ng1f3 c5
5.e4 h6
6.Bc1f4 Qd8a5
7.Nb1d2 Nb8c6
8.Bf1e2 Bc8e6
9.a3 Ng8e7
10.O-O Ne7g6
11.Bf4g3 Bf8e7
12.h3 Qa5c7
13.Rf1e1 O-O-O
14.Qd1c2 a6
15.Ra1c1 h5
16.b3 Rd8d7
17.Be2d3 Be7g5
18.Nf3xg5 Nc6xe5
19.Ng5f3 f6
20.Nf3xe5 fxe5
21.Nd2f3 Rh8f8
22.b4 Ng6f4
23.Bg3xf4 exf4
24.e5 Qc7d8
25.h4 Be6g4
26.Nf3g5 Rd7e7
27.f3 Bg4d7
28.e6 Bd7c6
29.Ng5f7 Rf8xf7
30.exf7 Re7xf7
31.b5 axb5
32.cxb5 Bc6d5
33.Qc2xc5 Kb8
34.Bd3g6 Rf7f8
35.Qc5xf8 Qd8xf8
36.Re1e8 { resign }
1-0

[Event "1/8 Finale"]
[Site "www.chess-mail.com"]
[Date "2019.06.24"]
[Round "1"]
[White "George1955"]
[Black "Conde7"]
[WhiteElo "2650"]
[BlackElo "2770"]
[Result "0-1"]
[Round "1"]
1.e4 c5
2.Ng1f3 d6
3.d4 cxd4
4.Nf3xd4 Ng8f6
5.Nb1c3 a6
6.Bc1e3 e5
7.Nd4b3 Bc8e6
8.f3 Bf8e7
9.Qd1d2 Nb8d7
10.g4 O-O
11.O-O-O b5
12.g5 Nf6h5
13.Nc3d5 Be6xd5
14.exd5 f6
15.h4 Nh5g3
16.Rh1g1 Ng3xf1
17.Rd1xf1 a5
18.Qd2d3 b4
19.g6 f5
20.gxh7 Kh8
21.h5 Qd8e8
22.h6 g6
23.Rg1g2 Kxh7
24.Nb3d2 a4
25.Kb1 a3
26.b3 Qe8f7
27.Nd2c4 Nd7f6
28.Rf1g1 Rf8g8
29.Rg1d1 Ra8c8
30.Qd3d2 e4
31.Rg2f2 exf3
32.Rf2xf3 Rc8b8
33.Qd2d3 Rg8f8
34.c3 Nf6e4
35.cxb4 Be7f6
36.Be3d2 Rf8c8
37.Bd2e1 Qf7e8
38.Rd1c1 Qe8e7
39.Rc1c2 Bf6h8
40.Kc1 Rb8b7
41.Kd1 Qe7f6
42.Rc2c1 Rb7e7
43.Rf3f1 Qf6g5
44.Rc1c2 Bh8b2
45.Be1d2 f4
46.Bd2e1 Re7e8
47.Rc2h2 f3
48.Rh2c2 f2
49.Rf1xf2 Ne4xf2
50.Be1xf2 Qg5h5
51.Kd2 Qh5h1
52.Bf2e3 Re8f8
53.Qd3e2 Rf8f1
54.Nc4xb2 axb2
55.Rc2xc8 Qh1xd5
56.Kc3 b1Q
57.Qe2xf1 Qd5e5
58.Be3d4 Qb1xf1
59.Rc8c7 Kxh6
60.Bd4xe5 Qf1c1
{ resign }
0-1

[Event "1/32 Finale"]
[Site "www.chess-mail.com"]
[Date "2019.06.24"]
[Round "1"]
[White "Esperanza"]
[Black "Reignblowcan"]
[WhiteElo "2060"]
[BlackElo "2640"]
[Result "0-1"]
[Round "1"]
1.e4 c6
2.d4 d5
3.e5 Bc8f5
4.g4 Bf5g6
5.h4 h5
6.g5 e6
7.Bf1d3 Bg6xd3
8.Qd1xd3 Ng8e7
9.Ng1e2 Nb8d7
10.Ne2f4 c5
11.g6 cxd4
12.gxf7 Kxf7
13.Qd3xd4 Ne7f5
14.Qd4d3 Nd7xe5
15.Qd3e2 Nf5d4
16.Qe2d1 Bf8e7
17.c3 Nd4f3
18.Kf1 { time. }
0-1

[Event "Fast Game"]
[Site "www.echecsemail.com"]
[Date "2019.06.24"]
[Round "1"]
[White "Claudia"]
[Black "Leonger"]
[WhiteElo "2010"]
[BlackElo "1990"]
[Result "0-1"]
[Round "1"]
1.d4 Ng8f6
2.c4 g6
3.Nb1c3 Bf8g7
4.e4 O-O
5.h3 d6
6.Bc1g5 Nb8a6
7.Ng1f3 c5
8.d5 h6
9.Bg5e3 { time. }
0-1

[Event "Tourn. n10086"]
[Site "www.echecsemail.com"]
[Date "2019.06.25"]
[Round "1"]
[White "Buchauer"]
[Black "Cvilhena1976"]
[WhiteElo "2860"]
[BlackElo "2310"]
[Result "1-0"]
[Round "1"]
1.d4 d5
2.c4 dxc4
3.Ng1f3 Ng8f6
4.e3 e6
5.Bf1xc4 c5
6.O-O a6
7.b3 b5
8.Bc4e2 Bc8b7
9.dxc5 Qd8xd1
10.Rf1xd1 Bf8xc5
11.a4 b4
12.Nb1d2 O-O
13.Bc1b2 Nb8d7
14.Ra1c1 Ra8c8
15.Nd2c4 Bb7d5
16.Nf3d2 Rf8d8
17.Kf1 Bc5e7
18.f3 Bd5a8
19.e4 Rc8c6
20.Bb2d4 Nd7c5
21.Bd4e3 Nc5d3
22.Be2xd3 Rd8xd3
23.Ke2 Rd3c3
24.Rc1a1 e5
25.Nc4xe5 Rc6c8
26.Ne5c4 Rc8d8
27.Be3b6 Rd8d7
28.Ra1c1 Nf6h5
29.g3 Be7f8
30.Nd2b1 Rd7xd1
31.Rc1xd1 Rc3c2
32.Ke3 Nh5f6
33.Rd1d8 Ba8c6
34.Nb1d2 Nf6e8
35.Bb6d4 Bf8e7
36.Rd8b8 Kf8
37.Kd3 Rc2c1
38.Rb8b6 Bc6d7
39.Rb6xa6 f6
40.Ra6a8 Rc1h1
41.Ra8b8 f5
42.a5 fxe4
43.fxe4 Be7f6
44.e5 Bd7f5
45.Nd2e4 Rh1d1
46.Ke2 Bf6g5
47.Kxd1 Bf5xe4
48.Rb8xe8 Kxe8
49.Nc4d6 { resign }
1-0

[Event "Tourn. n10146"]
[Site "www.echecsemail.com"]
[Date "2019.06.25"]
[Round "1"]
[White "Odin"]
[Black "Picifarkinca"]
[WhiteElo "1850"]
[BlackElo "1830"]
[Result "1-0"]
[Round "1"]
1.d4 e6
2.e4 d5
3.e5 c5
4.c3 Nb8c6
5.Ng1f3 Qd8b6
6.Bf1e2 cxd4
7.cxd4 Bc8d7
8.O-O Ng8e7
9.Nb1c3 Ne7f5
10.Bc1e3 Nf5xe3
11.fxe3 Qb6xb2
12.Ra1b1 { resign }
1-0